000 01271cam a2200289 i 4500
003 SA-RiAUC
005 20250125060907.0
008 250118s1997 sy o g 000 0dara c
040 _aSA-JeALM
_bara
_cSA-RiAUC
_erda
043 _aawgz---
_aa-sy---
_ae-gx---
082 0 4 _a956.015
090 _a956.015
_bس ر ك
100 1 _aسركيس، خليل رامز،
_d1921-2017
_eمؤلف.
245 1 2 _aالشام قبل مئة عام :
_bرحلة الإمبراطور غليوم الثاني إمبراطور ألمانية وقرينته إلى فلسطين وسورية عام 1316 هـ-1898 م /
_cخليل سركيس.
250 _aالطبعة الثانية.
264 1 _aدمشق :
_bدار القادري،
_c1997
300 _a207 صفحة :
_bصور ؛
_c24 سم
336 _aنص
_btxt
_2rdacontent
_3كتاب
337 _aبدون وسيط
_bn
_2rdamedia
338 _aمجلد
_bnc
_2rdacarrier
500 _aاهداء من حسين الواثقي بتاريخ 1435/4/25 هـ
600 0 7 _aغليوم
_bالثاني،
_cإمبراطور ألمانيا،
_d1859-1941
_2aucnm
651 7 _aسوريا
_xتاريخ قديم
_2aucsh
651 7 _aفلسطين
_xتاريخ قديم
_2aucsh
942 _2ddc
_cBOOK
_n0
949 _aSA-JeALM
_d250118
_umohamedma123
_n1
999 _c5162
_d5162